LEADER 00740nam a2200193 i 4500 001 000000164868 003 CaOOAMICUS 005 20070927000000.0 008 070927s2003 it u000 u ita u 013 $a142236 040 $aSeMil$bita 100 1 $aMangiagalli, Maurizio,$d<1951- >.$0(OLS)http://semarc/name/6625 245 10$aAlphonse De Waelhens Fenomenologo /$cMaurizio Mangiagalli. 260 $aMilano :$bFranco Angeli,$ccopyr. 2003. 300 $a336 p. ;$c23 cm. 850 $aSeMil 852 $aSeMil$W1$xVenegono$y1$m80 13 148 *$j116074$B116074$CSeMilBibl$Z2$F126924 $81 996 $6245$aAlphonse De Waelhens Fenomenologo$9(OLS)http://semarc/title/235247 996 $6260$aMilano :$bFranco Angeli$9(OLS)http://semarc/publisher/30369 LEADER 00987nam a2200229 i 4500 001 000000215422 003 CaOOAMICUS 005 20120823000000.0 008 120823s1893 it u000 u lat u 013 $a194294 040 $aSeMil$bita 245 10$aLeonis 13. P. M. Carmina et inscriptiones :$bcum accessionibus novissimis. 250 $aEditio quarta. 260 $aUtini :$bEx officina typ. Patronatus,$c1893. 300 $aXLVII, 195 p. ;$c26 cm. 650 4$aLeone XIII - Iscrizioni.$0(OLS)http://semarc/subject/39488 650 4$aLeone XIII - Poesie.$0(OLS)http://semarc/subject/4493 850 $aSeMil 852 $aSeMil$W1$xVenegono$y1$m1Z IV 7 FA$j165842$B165842$CSeMilBibl$Z2$F176802 $8I 961 $aRecupero: Altro 996 $6245$aLeonis 13. P. M. Carmina et inscriptiones :$bcum accessionibus novissimis$9(OLS)http://semarc/title/310123 996 $6260$aUtini :$bEx officina typ. Patronatus$9(OLS)http://semarc/publisher/52922